000
00308 a2200157 4500
001
59100
020
_a
040
_c
Anchieta - Pituba
100
_a
Seferis, Giorgos
240
1
0
_a
Poemas
_l
por
245
1
0
_a
Poemas
300
_a
236
362
0
_a
1971
650
4
_a
Poesia clássica grega
942
_c
BK
999
_c
59100
_d
59100